| 000 | 00563nam a2200157 4500 | ||
|---|---|---|---|
| 001 | 131375 | ||
| 003 | ES-MaACL | ||
| 005 | 20230906193952.0 | ||
| 007 | t| | ||
| 008 | 070214s1943 ag r ||||1| spa d | ||
| 100 | 1 |
_aRodríguez, Julio Víctor. _998268 |
|
| 245 | 1 | 0 |
_aContribución al estudio de los tumores benignos del estómago _b: casuística cronológica argentina / _cJulio Víctor Rodríguez. |
| 260 |
_aBuenos Aires : _b[s.n.], _c1943 ( _fTall. Gráf. de Aniceto López) |
||
| 300 |
_a118 p. : _bil. ; _c25 cm. |
||
| 852 |
_aES-MaACL _j1895-F-13 _bR.27153 |
||
| 999 |
_c131375 _d131375 |
||